| 000 | 01174njm a22002777a 4500 | ||
|---|---|---|---|
| 005 | 2010091003173.0 | ||
| 007 | sd ammalaaahaa | ||
| 008 | 100830t xxu||||| |||| 00| 0 hin d | ||
| 028 |
_a45-N.55776 _bGramophon co. |
||
| 035 | _aGR-01857 | ||
| 040 | _aSED/VEN | ||
| 100 |
_917458 _aSharda |
||
| 245 |
_aSapno ka shodager / _h[Sound recording] : _cby Sharda, Mukesh Music ( Sanker jai Kishan ) Lyric (S.H Bihari ,Shailendera) |
||
| 246 | _aसपनो का शोदागर / | ||
| 260 |
_aDum Dum, India _bHis Master's Voice |
||
| 300 |
_a1 Sound disc [Gramophone Record] : _banalog, 45 1/3 rpm _c7 in (LP) _fGramophone Records |
||
| 500 | _aBrief record | ||
| 505 | _aपार्ट १ Char dugi chakku ( सपनो का शोदागर ( Sharda, Mukesh ) ( Sanker jai Kishan ) Lyric (S.H Bihari ,Shailendera)Part 2 Tum pyar se dekho (Sharda) | ||
| 650 |
_aOrchestra _91186 _zIndia _xExcerpts |
||
| 700 |
_919239 _aMukesh |
||
| 700 |
_a Sanker jai Kishan _919513 |
||
| 700 |
_aShailandera _919575 |
||
| 700 |
_aS.H.Bihari _919594 |
||
| 942 |
_2ddc _cGR |
||
| 999 |
_c45254 _d45254 |
||